Responses for show #5259 - Thursday, June 21, 2007

Contestants

[<< previous game]

Mary Ann Hilterhaus, an administrative assistant from Glen Ridge, New Jersey

Don Stewart, a teacher from Belmont, Massachusetts

Jesse Berry, a tax analyst from Little Rock, Arkansas (whose 2-day cash winnings total $31,000)

[next game >>]

Jeopardy! Round responses

ANTROPOLOGY
CLASSIC TV CHARACTERS
HAVE A HEALTHY MONTH
HELLO, MALI!
YOU NEED HELP
"RU" SURE?
    $200 16
gatherers

Mary Ann
    $200 21
(Jesse: What are sun rays?)
(Alex: Be more specific.)
(Jesse: What is sunlight?)
(Alex: Mmm, no.)

UV (ultraviolet) rays

JesseMary Ann
    $200 11
the Sahara Desert

Jesse
    $200 6
a tutor

Don
    $200 1
the Rubicon

Jesse
    $400 17
(Don: What is vitamin C?)

vitamin D

DonMary Ann
    $400 26
(Jesse: Who is Sulu?)

Ensign Chekov

Jesse
Triple Stumper
    $400 22
kidney

Don
    $400 12
the camel

Don
    $400 7
SOS

Don
    $400 2
a rutabaga

Mary Ann
    $600 18
stone

Jesse
    $600 27
Sergeant Schultz

Jesse
    $600 23
caesarean

Mary Ann
    $1,000 13
(Don: What is Portugal?)

France

Don
    $600 8
an aide

Mary Ann
    $600 3
rudimentary

Jesse
    $800 19
blood

Jesse
    $800 28
Steve McGarrett

Triple Stumper
    $800 24
blood donors

Mary Ann
    $800 14
cotton

Triple Stumper
    $800 9
(Alex: She is still on television, and her name is [*].)

Diane Sawyer

Triple Stumper
    $800 4
[NOTE: The apostrophe and the dollar sign are both accurately represented here as they appeared on the show.]

(Louis) Rukeyser

Don
    $1000 20
(Mary Ann: [Stumbling] What is... ethnoanthropolgy?)

ethnography

Mary Ann
Triple Stumper
    $1000 29
Emma Peel

Jesse
    $1000 25
dental health

Mary Ann
    $1000 15
(Don: What is the Congo?)

the Niger

JesseDon
    $1000 10
Australia

Jesse
    $1000 5
the rumba

Mary Ann

Scores at the first commercial break (after clue 15):

Jesse Don Mary Ann
$3,000 -$200 $2,000

Scores at the end of the Jeopardy! Round:

Jesse Don Mary Ann
$5,400 -$200 $4,200

Double Jeopardy! Round responses

TOUGH LIT
ON THE ROAD
THE SON ALSO RISES
ANIMAL FARM
WAR & PIZZA
BRAVE NEW WORD
(Alex: An interesting play on some tough lit.)
    $400 1
Wellington

Mary Ann
    $400 6
Thelma and Louise

Mary Ann
    $400 11
1865

Triple Stumper
    $400 16
(Jesse: What is a bat?)
(Alex: Be more specific.)
(Jesse: What is a [*]?)

vampire bat

Jesse
    $400 26
Chicago

Don
    $400 21
frequently

Don
    $800 2
Chopin

Don
    $800 7
Sideways

Mary Ann
    $800 12
Leif Ericson

Don
    $800 17
tongue

Mary Ann
    $800 27
(Jesse: What is Kent?)

Lois Lane

Jesse
Triple Stumper
    $800 22
sock puppet

Mary Ann
    $1200 3
Galapagos Islands

Jesse
    $1200 8
It's a Mad, Mad, Mad, Mad World

Don
    $1200 13
Prince Philip

Mary Ann
    $1200 18
buffalo

Jesse
    $1200 28
International Space Station

Jesse
    $1200 23
snail mail

Jesse
    $1600 4
Faun

Mary Ann
    $1600 9
Easy Rider

Mary Ann
    $1600 14
Louis XIV

Triple Stumper
    $1600 19
angler

Jesse
    $3,000 29
Domino's

Jesse
    $1600 24
eCycling

Mary Ann
    $2000 5
(Don: ...Birdman of Alcatra--What is Bird--)
(Alex: Nope.)
(Mary Ann: What is a bird cage?)

Falconer

DonMary Ann
Triple Stumper
    $2000 10
(Mary Ann: What is... Justs... oh, shoot.)
(Alex: Nope.)

Lost in America

Mary Ann
Triple Stumper
    $1,000 15
(Mary Ann: Who is Robert the Bruce?)

William the Conqueror

Mary Ann
    $2000 20
grizzly

Jesse
    $2000 25
canary

Mary Ann

Scores at the end of the Double Jeopardy! Round:

Jesse Don Mary Ann
$16,400 $1,400 $10,400

[wagering suggestions for these scores]

Final Jeopardy! Round responses

STATE POPULATIONS
DonWhat is Louisiana
$0
Mary AnnWhat is California?
$4,000
JesseWhat is Nevada?
$5,900
Texas

Final scores:

Jesse Don Mary Ann
$10,500 $1,400 $6,400
3-day champion: $41,500 3rd place: $1,000 2nd place: $2,000

Game dynamics:

Coryat scores:

Jesse Don Mary Ann
$15,000 $2,400 $11,400
17 R
(including 1 DD),
3 W
10 R,
4 W
(including 1 DD)
19 R,
4 W
(including 1 DD)

Combined Coryat: $28,800

The J! Archive is created by fans, for fans. The Jeopardy! game show and all elements thereof, including but not limited to copyright and trademark thereto, are the property of Jeopardy Productions, Inc. and are protected under law. This website is not affiliated with, sponsored by, or operated by Jeopardy Productions, Inc. Join the discussion at JBoard.tv.